000 00496nam a2200181Ia 4500
005 20250423095658.0
008 250422s9999 xx 000 0 und d
020 _a9789785701067
050 _aHF 5616.N6 .I57/
100 _aInstitute of Chartered Accountants of Nigeria
245 0 _aICAN: audit and assurance
260 _aBerkshire
260 _bEmile Woolf International
260 _c2019
300 _a372 p
650 _aInstitute of Chartered Accountants of Nigeria
942 _cBK
999 _c31007
_d31007